Statistics for Countries I've Visited

Click here to take the quiz!

General Stats

  • This quiz has been taken 52 times
    (2 since last reset)
  • The average score is 10 of 15

Answer Stats

HintAnswer% Correct
Belfort TowerBelgium
100%
NyhavnDenmark
100%
Blackpool TowerEngland
100%
Neuschwanstein SchlossGermany
100%
KnossosGreece
100%
Auschwitz-Birkenau Concentration CampPoland
100%
Dunottar CastleScotland
100%
Conwy CastleWales
100%
Mount VesuvuisItaly
50%
Bay of KotorMontenegro
50%
Torre de BelemPortugal
50%
Lilla TorgSweden
50%
Mirabell GardensAustria
0%
Elaphiti IslandsCroatia
0%
Park GüellSpain
0%

Score Distribution

Percentile by Number Answered

Percent of People with Each Score

Your Score History

You have not taken this quiz since the last reset